| 000 | 00744nam a2200217Ii 4500 | ||
|---|---|---|---|
| 003 | JO-AjNU | ||
| 008 | 230606s9999||||xx |||||||||||||| ||und|| | ||
| 020 | _a978-0-340-90578-4 | ||
| 040 |
_aJO-AjNU _beng _erda _cJO-AjNU |
||
| 041 | _aeng | ||
| 050 | 1 | 4 | _aP126.W73 2006 |
| 100 | 3 |
_aBloomer,Aileen تأليف/Wray,Alison م.مشارك, _eauthor _92282 |
|
| 245 | 0 | 0 | _aProjects In Linguistics :A Practical Guide To Researching Language |
| 250 | _a2 ed | ||
| 264 | 3 | 1 | _aLondon:Hodder Education An Hachette Uk Company,2006 |
| 300 | _a290p | ||
| 336 |
_atext _btxt _2rdacontent |
||
| 337 |
_aunmediated _bn _2rdamedia |
||
| 338 |
_avolume _bnc _2rdacarrier |
||
| 650 | 4 |
_aProjects In Linguistics -A Practical Guide To Researching Language _92283 |
|
| 999 |
_aE1194 _c1194 _d1194 |
||